| 000 | 00344nam a2200121Ia 4500 | ||
|---|---|---|---|
| 008 | 210430s9999 xx 000 0 und d | ||
| 082 | _a620.11 I341 I | ||
| 100 |
_aClyde L.Briant _952797 |
||
| 245 |
_aImpurities In Engineering Materials _cClyde L.Briant |
||
| 260 |
_aNew York _bMarcel Dekker INc _c1999 |
||
| 300 | _a306p. | ||
| 942 |
_cBK _2ddc |
||
| 999 |
_c562254 _d562254 |
||